Pays vainqueurs d'étapes du tour de France - Statistiques

Statistiques générales
  • Ce quiz a été pris 45 fois
  • Le résultat moyen est 29 sur 36
Statistiques - réponses
Nombre de victoires Dernière victoire Pays % Correct
90 2021 Allemagne
100%
20 2021 États-Unis
100%
716 2024 France
100%
132 2023 Espagne
97%
269 2019 Italie
97%
78 2024 Royaume-Uni
95%
7 2016 Russie
95%
498 2024 Belgique
92%
183 2024 Pays-Bas
92%
23 2024 Slovénie
92%
1 1998 Suède
92%
3 2023 Canada
89%
19 2020 Norvège
89%
12 2013 Portugal
89%
60 2020 Suisse
89%
7 2023 Pologne
87%
3 2015 Tchéquie
87%
39 2023 Australie
84%
22 2020 Colombie
84%
29 2024 Danemark
84%
13 2019 Slovaquie
84%
14 2020 Irlande
82%
6 2023 Autriche
79%
3 2024 Erythrée
79%
4 2006 Ukraine
76%
1 1991 Brésil
74%
1 2024 Équateur
74%
71 2022 Luxembourg
74%
2 1990 Mexique
71%
4 2004 Estonie
61%
2 1994 Lettonie
61%
2 2019 Afrique du sud
58%
1 2014 Lituanie
58%
6 2020 Kazakhstan
55%
7 1996 Ouzbékistan
39%
6 1991 URSS
37%
Aucun quiz correspondant
Distribution des résultats
% des personnes avec chaque résultat
Percentile par nombre de réponses
Votre historique - résultats
Vous n’avez pas pris ce quiz